ACTO JURIDICO - Estadísticas

Estadísticas generales
  • Esta prueba ha sido intentada 5 veces
  • La puntuación promedio es 4 de 36
Estadísticas de respuestas
% Correcto
con
40%
de
40%
de
40%
de
40%
su
40%
la
20%
la
20%
las
20%
los
20%
o
20%
o
20%
que
20%
que
20%
y
20%
autor
0%
crear
0%
derecho
0%
derechos
0%
dicha
0%
efectos
0%
el
0%
el
0%
extinguir
0%
hecha
0%
Manifestación
0%
manifestación
0%
modificar
0%
partes
0%
por
0%
por
0%
produce
0%
proposito
0%
queridos
0%
sanciona
0%
voluntad
0%
voluntad
0%
No se encontraron pruebas coincidentes
Distribución de puntuación
Porcentaje de gente con cada puntuación
Porcentaje por número respondido
Historial de tus puntuaciones
No has intentado esta prueba.